| 000 | 00729nam a22002297a 4500 | ||
|---|---|---|---|
| 005 | 20170124105955.0 | ||
| 010 | _aA-705304 | ||
| 020 | _c90.00 | ||
| 035 | _aA-705304 | ||
| 037 | _bCen Lib/Ret | ||
| 040 |
_aDPL _bEN |
||
| 082 |
_a343.052 _bPAG |
||
| 100 |
_aPagare, Dinkar _913278 |
||
| 245 |
_aLaw and practice of income tax : _cby Dinkar Pagare _bincorporating the amendments made by the finance act, 1994 / |
||
| 250 | _a18th rev. ed | ||
| 260 |
_bSultan Chand & Sons _aDelhi _c1994 |
||
| 270 |
_a4792/23, Daryaganj _bNew Delhi _e110002 |
||
| 300 |
_axiv,652p. : _c22cm(Hb) |
||
| 650 |
_aIncome tax _9104389 |
||
| 650 |
_aIncome tax--Law and legislation _9104390 |
||
| 942 |
_2ddc _cEN _h343.052 _mPAG |
||
| 999 |
_c125477 _d125477 |
||